<?xml version="1.0" encoding="UTF-8"?>
<record
    xmlns:xsi="http://www.w3.org/2001/XMLSchema-instance"
    xsi:schemaLocation="http://www.loc.gov/MARC21/slim http://www.loc.gov/standards/marcxml/schema/MARC21slim.xsd"
    xmlns="http://www.loc.gov/MARC21/slim">

  <leader>00717cam a22002291  4500</leader>
  <controlfield tag="001">ca 18000781 </controlfield>
  <controlfield tag="003">DLC</controlfield>
  <controlfield tag="005">20260227111107.0</controlfield>
  <controlfield tag="008">870928s1902    hu c          000 0 hun  </controlfield>
  <datafield tag="010" ind1=" " ind2=" ">
    <subfield code="a">ca 18000781 </subfield>
  </datafield>
  <datafield tag="035" ind1=" " ind2=" ">
    <subfield code="a">(OCoLC)16768618</subfield>
  </datafield>
  <datafield tag="040" ind1=" " ind2=" ">
    <subfield code="a">DLC</subfield>
    <subfield code="c">WaU</subfield>
    <subfield code="d">OCoLC</subfield>
    <subfield code="d">DLC</subfield>
  </datafield>
  <datafield tag="042" ind1=" " ind2=" ">
    <subfield code="a">premarc</subfield>
  </datafield>
  <datafield tag="050" ind1="0" ind2="0">
    <subfield code="a">PH3132</subfield>
    <subfield code="b">.M3 vol. 53</subfield>
  </datafield>
  <datafield tag="100" ind1="1" ind2=" ">
    <subfield code="a">Reviczky, Gyula,</subfield>
    <subfield code="d">1855-1889.</subfield>
  </datafield>
  <datafield tag="245" ind1="0" ind2="0">
    <subfield code="a">&#xD6;sszes k&#xF6;ltem&#xE9;nyei.</subfield>
    <subfield code="b">Sajt&#xF3; al&#xE1; rendezte &#xE9;s bevezet&#xE9;ssel ell&#xE1;tta Koroda P&#xE1;l.</subfield>
  </datafield>
  <datafield tag="260" ind1=" " ind2=" ">
    <subfield code="a">Budapest,</subfield>
    <subfield code="b">Franklin-T&#xE1;rsulat,</subfield>
    <subfield code="c">1902.</subfield>
  </datafield>
  <datafield tag="300" ind1=" " ind2=" ">
    <subfield code="a">416 p.</subfield>
    <subfield code="b">front. (port.)</subfield>
    <subfield code="c">20 cm.</subfield>
  </datafield>
  <datafield tag="440" ind1=" " ind2="0">
    <subfield code="a">Magyar remek&#xED;r&#xF3;k ...</subfield>
    <subfield code="v">53. k&#xF6;t.</subfield>
  </datafield>
  <datafield tag="500" ind1=" " ind2=" ">
    <subfield code="a">Collected poetical works.</subfield>
  </datafield>
  <datafield tag="600" ind1="1" ind2="0">
    <subfield code="a">Koroda, P&#xE1;l,</subfield>
    <subfield code="d">1858-</subfield>
    <subfield code="e">ed.</subfield>
  </datafield>
  <datafield tag="999" ind1=" " ind2=" ">
    <subfield code="c">15392</subfield>
    <subfield code="d">15392</subfield>
  </datafield>
</record>
